000 00571nam a22001937a 4500
003 OSt
005 20240215125330.0
008 170515t xxu||||| |||| 00| 0 eng d
020 _a9781906155216
040 _c0
082 _a720.9
_bSTO
100 1 _aStonehouse, Roger
_9120566
245 1 0 _aTrevor Dannatt :
_bworks and words/
_cRoger Stonehouse.
260 _aLondon;
_bBlack dog publishing,
_c2008.
300 _a255p.:
_bill;
_c23 cm.
651 _aArchitecture, Modern
_9120458
651 _aArchitecture, British
_9120567
942 _2ddc
_cBK
_aSADA
_k720.9 STO 2008
999 _c607777
_d607777